000 00480nam a2200181 i 4500
001 bgj
100 1 _aHailey, Arthur
_d(1920- ).
245 1 0 _aWheels /
_cArthur Hailey.
260 _aGarden City, NY :
_bDoubleday & Company,
_cc. 1971.
300 _a374 pp ;
_c22 cm.
650 9 _aAmerican fiction
_y20th century
650 9 _aCanadian writers
_y1945-
020 _ahbk, jacket
040 _cBPK
041 0 _aeng
942 _cKS
008 s uk f |000 0 eng
999 _c48063
_d48063
856 _uhttp://koha.tu.koszalin.pl/cgi-bin/koha/opac-detail.pl?biblionumber=48063
_yKatalog online BPK